Statistics for Top 100 Football Players of the 5 Most Recent Years (2017)

Click here to take the quiz!

General Stats

  • This quiz has been taken 240 times
  • The average score is 58 of 101

Answer Stats

#20172016201520142013PointsPlayer% Correct
1121217Lionel Messi
100%
2212128Cristiano Ronaldo
99%
33537624Neymar
98%
415346937Luis Suárez
93%
829151228589Andrés Iniesta
91%
6775301867Robert Lewandowski
91%
520119101060Sergio Agüero
89%
131125373245150Sergio Ramos
89%
1060207133103Zlatan Ibrahimović
89%
7506168787Gareth Bale
88%
12612312361133Luka Modric
87%
11921351140116Toni Kroos
87%
94018832291Manuel Neuer
85%
4253338278Harry Kane
83%
255150331955208Karim Benzema
80%
287652413117217Thiago Silva
80%
203844303532179David Silva
78%
181347544713174Edinson Cavani
78%
3241314233Kevin De Bruyne
78%
2030171120179Paul Pogba
78%
14316525168Thomas Müller
78%
67508361Xavi
78%
1810351316100174Eden Hazard
76%
301842874225Antoine Griezmann
75%
898412Kylian Mbappé
75%
58604328333Wayne Rooney
73%
25798922414208Arjen Robben
70%
405838449339272Gerard Piqué
70%
51504023315Marco Reus
69%
226723265412182Mesut Özil
69%
5219488860316Marcelo
68%
3810043391472268Ángel Di María
67%
65226569358Mohamed Salah
67%
234639246027196Sergio Busquets
67%
3123291855226David de Gea
66%
4976264308Franck Ribéry
66%
141622347224168Gianluigi Buffon
65%
76961968385Jamie Vardy
65%
873669408Sadio Mané
64%
591716336N'Golo Kanté
63%
752853384Casemiro
62%
245621915202Philipp Lahm
62%
477051753966301Mats Hummels
61%
14329102295168Alexis Sanchez
60%
346592361747257Thibaut Courtois
60%
80566671395Giorgio Chiellini
59%
332182779236Pierre-Emerick Aubameyang
58%
276846511235212Diego Costa
56%
6881407664362Hugo Lloris
56%
61364557340Jérôme Boateng
56%
379461234443265David Alaba
55%
963190424Dele Alli
55%
3663244034262Diego Godín
55%
83785567402Keylor Navas
55%
69452692365Leonardo Bonucci
55%
641437354Paulo Dybala
55%
733542380Jan Oblak
54%
578841704290331Koke
54%
54416316322Radamel Falcao
54%
816332398Douglas Costa
53%
976460427Joshua Kimmich
53%
414845436476276Marco Verratti
52%
6962886252365Raheem Sterling
51%
48174146306Carlos Tevez
50%
442678588141284Dani Alves
50%
881097410Riyad Mahrez
50%
293414486856220Gonzalo Higuaín
49%
3557342049261Ivan Rakitic
49%
664511359Robin van Persie
49%
60573742338Vincent Kompany
47%
894366412Edin Dzeko
46%
7412918494382Isco
46%
46242846300Philippe Coutinho
46%
61802434340Mario Götze
45%
72477147367Alvaro Morata
44%
53742520321Bastian Schweinsteiger
44%
9925429Christian Eriksen
44%
56871915323James Rodríguez
44%
71334982366Mauro Icardi
43%
764636385Oscar
43%
45422921294Andrea Pirlo
41%
100499881430Thiago Alcântara
41%
176632153326172Arturo Vidal
38%
38291819268Yaya Touré
38%
5493633629322Cesc Fàbregas
36%
85868730405Juan Mata
36%
50492137309Xabi Alonso
36%
942790420Dimitri Payet
35%
100839550430David Luiz
33%
92825875417Toby Alderweireld
32%
638570555881349Miralem Pjanic
31%
93987148419Mario Mandzukic
30%
863964406Gabriel Jesus
29%
4262252763278Javier Mascherano
27%
95749948423Nemanja Matic
27%
8496967931403Francesco Totti
26%
7984536293393Blasie Matuidi
25%
82737549399Aaron Ramsey
23%
78783870388Arda Turan
18%
8992577785412Henrikh Mkhitaryan
14%
986461428Yacine Brahimi
5%

Score Distribution

Percentile by Number Answered

Percent of People with Each Score

Your Score History

You have not taken this quiz